000 01724nam a2200469 i 4500
001 44799
003 KOSZ 005
005 20230110132702.0
008 030526s2003 pl a |000 0 pol
015 _aUWD 2003/11260
020 _a8372443815
035 _a991020806869705066
035 _a(PL-WaBN)b15637438-48omnis_nlop
035 _ab15637438
035 _a(OCoLC)830490379
035 _a(PL)b0000001563743
035 _a(EXLNZ-48OMNIS_NETWORK)9910239319605606
040 _aWA N
_cWA N
_dKOSZ 005/HR
041 0 _apol
046 _k2003
080 _a641.5.06
080 _a(075.8)
245 0 0 _aWyposażenie zakładów gastronomicznych z elementami techniki i projektowania /
_cpod red. Andrzeja Nerynga ; [aut. Andrzej Neryng et al.].
260 _aWarszawa :
_bWydaw. SGGW [Szkoły Głównej Gospodarstwa Wiejskiego],
_c2003.
300 _a242, [1] s., [4] s. tabl. :
_bil. (w tym kolor.) ;
_c24 cm.
336 _aTekst
_btxt
_2rdacontent
337 _aBez urządzenia pośredniczącego
_bn
_2rdamedia
338 _aWolumin
_bnc
_2rdacarrier
380 _aKsiążki
388 _a2001-
504 _aBibliogr.
521 8 _aSkrypt przeznaczony dla studentów kierunku - żywienie człowieka oraz osób specjalizujących się w zakresie maszyn gastronomicznych.
650 7 _aGastronomia
_2DBN
650 7 _aUrządzenia
655 7 _aPodręczniki akademickie
_2DBN
658 _aInżynieria i technika
700 1 _aNeryng, Andrzej
_eAutor
_eRedakcja
710 2 _aWydawnictwo SGGW
_4pbl
856 _uhttp://koha.tu.koszalin.pl/cgi-bin/koha/opac-detail.pl?biblionumber=44799
_yKatalog online BPK
942 _2UKD
_cKS
999 _c44799
_d44799